Celebrity 100 -- Forbes 2017 List of Highest Paid Entertainers - Statistics

General Stats
  • This quiz has been taken 515 times
  • The average score is 21 of 100
Answer Stats
Category Celeb % Correct
Musician Beyonce Knowles
77%
Comedian Louis C.K.
77%
Personality Kim Kardashian West
76%
Musician Taylor Swift
72%
Musician Jay Z
69%
Musician Justin Bieber
64%
Author J.K. Rowling
58%
Athlete LeBron James
57%
Musician Katy Perry
56%
Musician Rihanna
55%
Musician Elton John
53%
Athlete Cristiano Ronaldo
52%
Athlete Lionel Messi
52%
Actor Dwayne Johnson
50%
Personality Kylie Jenner
48%
Personality Ellen DeGeneres
45%
Musician Adele
40%
Musician Luke Bryan
40%
Musician Drake
38%
Musician Ed Sheeran
35%
Musician Jennifer Lopez
34%
Actor Robert Downey Jr.
34%
Athlete Tiger Woods
34%
Actor Tom Cruise
34%
Musician Britney Spears
32%
Athlete Neymar
31%
Athlete Roger Federer
31%
Athlete Usain Bolt
31%
Athlete Stephen Curry
30%
Musician Bruno Mars
29%
Comedian Kevin Hart
26%
Musician Paul McCartney
26%
Comedian Chris Rock
25%
Athlete Kevin Durant
23%
Musician Dr. Dre
22%
Comedian Jerry Seinfeld
20%
Actor Adam Sandler
19%
Musician Celine Dion
19%
Athlete Lewis Hamilton
18%
Athlete Novak Djokovic
18%
Personality Simon Cowell
18%
Musician Calvin Harris
17%
Musician The Weeknd
17%
Athlete Dwyane Wade
15%
Actor Vin Diesel
14%
Musician Bruce Springsteen
13%
Musician Coldplay
13%
Comedian Dave Chappelle
13%
Personality Dr. Phil McGraw
13%
Musician Garth Brooks
13%
Personality Howard Stern
13%
Magician David Copperfield
12%
Actor Mark Wahlberg
12%
Personality Ryan Seacrest
12%
Athlete Zlatan Ibrahimovic
12%
Musician Billy Joel
11%
Athlete Conor McGregor
11%
Athlete Gareth Bale
11%
Athlete James Harden
11%
Athlete Russell Westbrook
11%
Musician Sean Combs
11%
TV Actress Sofia Vergara
11%
Musician Bon Jovi
10%
Personality Gordon Ramsay
10%
Athlete Phil Mickelson
10%
Athlete Carmelo Anthony
9%
Actor Jackie Chan
9%
Author James Patterson
9%
Comedian Amy Schumer
8%
Athlete Sebastian Vettel
8%
Athlete Kei Nishikori
7%
Musician Metallica
7%
Personality Rush Limbaugh
7%
Personality Bill O'Reilly
6%
Athlete Derrick Rose
6%
Musician Dolly Parton
6%
Musician Guns N' Roses
6%
Actor Salman Khan
6%
Actor Shah Rukh Khan
6%
Athlete Fletcher Cox
5%
Musician Red Hot Chili Peppers
5%
Personality Sean Hannity
5%
Personality Steve Harvey
5%
Musician Toby Keith
5%
Actor Akshay Kumar
4%
Musician Florida Georgia Line
4%
Musician Jason Aldean
4%
Personality Judy Sheindlin
4%
Musician Kenny Chesney
4%
Athlete Rory McIlroy
4%
Athlete Clayton Kershaw
3%
Athlete Drew Brees
3%
Athlete Fernando Alonso
3%
Musician Jimmy Buffett
3%
Athlete Jordan Spieth
3%
Musician The Chainsmokers
3%
Musician Tiesto
3%
Musician Chance the Rapper
2%
Athlete Damian Lillard
2%
Athlete Andrew Luck
1%
No matching quizzes found
Score Distribution
Percent of People with Each Score
Percentile by Number Answered
Your Score History
You have not taken this quiz